Then Tày

Guardat en:
Dades bibliogràfiques
Autor principal: Hoàng, Tuấn Cư
Altres autors: Hoàng, Hạc, Nguyễn, Thanh Huyền
Format: Llibre
Idioma:Vietnamese
Publicat: Hà Nội. Văn hóa dân tộc 2012
Matèries:
Etiquetes: Afegir etiqueta
Sense etiquetes, Sigues el primer a etiquetar aquest registre!
Thư viện lưu trữ: Trung tâm Học liệu Lê Vũ Hùng, Trường Đại học Đồng Tháp
LEADER 00869aam a22002658a 4500
001 00030097
005 20171026081022.0
008 121212s2012 ||||||viesd
020 # # |a 9786047001569 
041 0 # |a vie 
082 |b TH203T  |a 398.209 597 
100 1 # |a Hoàng, Tuấn Cư 
245 1 0 |a Then Tày  |c Hoàng Tuấn Cư, Hoàng Hạc, Nguyễn Thanh Huyền 
260 # # |a Hà Nội.  |b Văn hóa dân tộc  |c 2012 
300 # # |a 442 tr.  |c 21 cm. 
500 # # |a ĐTTS ghi: Hội Văn nghệ dân gian Việt Nam 
653 # # |a Then tày 
653 # # |a Văn học dân gian 
700 1 # |a Hoàng, Hạc 
700 1 # |a Nguyễn, Thanh Huyền 
852 # # |b Kho đọc  |j KD.0014249 
852 # # |j KD.0014249 
910 |d 12/12/2012 
980 # # |a Trung tâm Học liệu Lê Vũ Hùng, Trường Đại học Đồng Tháp